Vvedenije v variaconnyje neravenstva i ich priloženija
Gespeichert in:
| Format: | Buch |
|---|---|
| Sprache: | Russisch |
| Veröffentlicht: |
Moskva
Mir
1983
|
| Tags: |
Keine Tags, Fügen Sie das erste Tag hinzu!
|
MARC
| LEADER | 00000nam a2200000 4500 | ||
|---|---|---|---|
| 001 | c114021 | ||
| 005 | 20260130120154.2 | ||
| 041 | 0 | |a rus | |
| 044 | |a RU | ||
| 245 | 1 | 0 | |a Vvedenije v variaconnyje neravenstva i ich priloženija |c David Kinderlehrer, Guido Stampacchia ; [Perevod s anglijskogo A.V. Fursikova] |
| 264 | 1 | |a Moskva |b Mir |c 1983 | |
| 300 | |a 256 s. | ||